| 000 | 00441 a2200145 4500 | ||
|---|---|---|---|
| 999 |
_c29054 _d29054 |
||
| 003 | NUST | ||
| 005 | 20180118155107.0 | ||
| 008 | 180118b xxu||||| |||| 00| 0 eng d | ||
| 020 | _a1860944485 | ||
| 020 | _a9781860944482 | ||
| 082 | 0 | 4 | _a523.1 |
| 100 | 1 |
_aGlendenning, Norman K. _98894 |
|
| 245 | 1 | 0 |
_aAfter the beginning : _ba cosmic journey through space and time / _cNorman K. Glendenning. |
| 260 |
_a[S.l.] : _bWorld Scientific Publishing Company, _c2004. |
||
| 300 |
_a228 p. ; _c23 cm. |
||
| 942 |
_aSNS _cBK _k523.1 GLE _2ddc |
||